000
00318nam a22001337a 4500
008
180807b xxu||||| |||| 00| 0 eng d
082
_a
813.52
245
_a
Statistics data analysis & decision modeling
_c
EVANS.J.R
260
_c
2000
300
_a
1
_f
CD
440
_x
0131886118
760
_b
3 rd
942
_2
ddc
_c
MX
999
_c
46916
_d
46916